Zmeny v odpisovaní dlhodobého majetku podniku

Zmeny v novele v oblasti odpisovania dlhodobého majetku podniku.

Na minha lista:
Detalhes bibliográficos
Autor principal: Bukovová, Sylvia, 1959-
Formato: Capítulo de Livro
Idioma:eslovaco
Assuntos:
Tags: Adicionar Tag
Sem tags, seja o primeiro a adicionar uma tag!

MARC

LEADER 00000nla a2200000 4500
001 0195331
005 20240522122142.0
041 0 |a slo 
044 |a SK 
245 1 0 |a Zmeny v odpisovaní dlhodobého majetku podniku  |c Sylvia Bukovová 
520 |a Zmeny v novele v oblasti odpisovania dlhodobého majetku podniku. 
610 2 0 |a majetok podnikový 
610 2 0 |a majetok dlhodobý 
610 2 0 |a opotrebovanie fyzické 
610 2 0 |a opotrebovanie morálne 
610 2 0 |a odpisy 
610 2 0 |a úpravy právne 
100 1 |a Bukovová, Sylvia, 1959-